|
|
|
|
| LEADER |
02132cas a2200241 a 4500 |
| 001 |
AALejournalIMF003530 |
| 008 |
230101c9999 xx r poo 0 0eng d |
| 020 |
|
|
|c 5.00 USD
|
| 020 |
|
|
|z 9781451861044
|
| 022 |
|
|
|a 1018-5941
|
| 040 |
|
|
|a BD-DhAAL
|c BD-DhAAL
|
| 100 |
1 |
|
|a Ramcharan, Rodney.
|
| 245 |
1 |
0 |
|a Cataclysms and Currencies :
|b Does the Exchange Rate Regime Matter for Real Shocks? /
|c Rodney Ramcharan.
|
| 264 |
|
1 |
|a Washington, D.C. :
|b International Monetary Fund,
|c 2005.
|
| 300 |
|
|
|a 1 online resource (35 pages)
|
| 490 |
1 |
|
|a IMF Working Papers
|
| 500 |
|
|
|a <strong>Off-Campus Access:</strong> No User ID or Password Required
|
| 500 |
|
|
|a <strong>On-Campus Access:</strong> No User ID or Password Required
|
| 506 |
|
|
|a Electronic access restricted to authorized BRAC University faculty, staff and students
|
| 520 |
3 |
|
|a Does the choice of exchange rate regime affect the way an economy's adjustment to real shocks? Exploiting the randomness of natural shocks, this paper assesses empirically the often contrasting answers found in the theoretical literature. The evidence supports key themes in this literature, and points to an important tradeoff between regimes. First, adverse natural shocks are associated with both higher investment and foreign direct investment (FDI) only in developing countries with fixed rate regimes. Second, over a 24-month horizon, growth rebounds earlier in flexible rate regimes. Third, in the long run, more adverse shocks are associated with higher growth and investment only in predominantly fixed regimes. Thus, while claims of faster adjustment to real shocks under flexible rate arrangements have merit, so does the idea that exchange rate variability can impede investment. And the benefits from faster adjustment may come at the cost of foregoing the long run productivity benefits embodied in the larger investment response in fixed rate regimes.
|
| 538 |
|
|
|a Mode of access: Internet
|
| 830 |
|
0 |
|a IMF Working Papers; Working Paper ;
|v No. 2005/085
|
| 856 |
4 |
0 |
|z Full text available on IMF
|u http://elibrary.imf.org/view/journals/001/2005/085/001.2005.issue-085-en.xml
|z IMF e-Library
|